Фильмы с Томом Хэнксом - Армагеддон - Statistics

General Stats
  • This quiz has been taken 24 times
  • The average score is 8 of 15
Answers on the Grid
Answers color-coded by a green-red scale on the quiz's grid according to % correct below.
Облачный атлас
Адаптация
Таксист
Инопланетянин
Ангелы и демоны
Изгой
Тёмный рыцарь
Ларри Краун
Зелёная книга
Чудо на Гудзоне
Спасти рядового Райана
Королевство восходящей Луны
Псы войны
1408
Форрест Гамп
Неспящие в Сиэтле
Поймай меня, если сможешь
Несколько хороших парней
Побег из Шоушенка
Зелёная миля
Достучаться до небес
Код да Винчи
Большой
Контакт
Мизери
Смерть на похоронах
Инферно
Секретное досье
Оправданная жестокость
Аполлон-13
 
Answer Stats
Answer % Correct
Форрест Гамп
81%
Облачный атлас
75%
Спасти рядового Райана
75%
Код да Винчи
75%
Ангелы и демоны
69%
Зелёная миля
69%
Чудо на Гудзоне
63%
Инферно
63%
Изгой
56%
Поймай меня, если сможешь
56%
Ларри Краун
38%
Неспящие в Сиэтле
38%
Большой
31%
Аполлон-13
31%
Секретное досье
25%
No matching quizzes found
Score Distribution
Percent of People with Each Score
Percentile by Number Answered
Your Score History
You have not taken this quiz